| 000 | 00910nam a2200277Ia 4500 | ||
|---|---|---|---|
| 003 | GCL | ||
| 008 | 140319s9999 xx 000 0 ara d | ||
| 040 |
_aGCL / _cGCL |
||
| 082 | 0 | 4 |
_a350.765 _bا م |
| 100 | 1 | _aانور العمروسى | |
| 245 | 1 | 0 |
_aالمخدرات: اثارها وانواعها-جرائمها وعقوباتها / _cانور العمروسى |
| 260 |
_a[S.N] : _bدار الفكر الجامعى |
||
| 300 | _a626 ص | ||
| 490 |
_aسلسلة الكتب القانونية _v0 |
||
| 650 | 0 | 4 | _aالقانون |
| 650 | 0 | 4 | _aادمان المخدرات |
| 650 | 0 | 4 | _aالمخدرات والشباب |
| 650 | 0 | 4 | _aقانون العقوبات |
| 650 | 0 | 4 | _aالمخدرات |
| 650 | 0 | 4 | _aمكافحة المخدرات |
| 650 | 0 | 4 | _aالمخدرات والجريمة |
| 650 | 0 | 4 | _aالحشيش |
| 650 | 0 | 4 | _aالافيون |
| 650 | 0 | 4 | _aالكوكايين |
| 942 |
_2ddc _cBK |
||
| 999 |
_c55955 _d55955 |
||